[Event "Seville op 49th"]
[Site "Seville"]
[Date "2024.01.12"]
[Round "1"]
[White "Stella, Andrea"]
[Black "Ballina Amandi, Casimiro"]
[Result "1-0"]
[WhiteElo "2401"]
[BlackElo "1725"]
[PlyCount "47"]
[EventDate "2024.01.12"]
[EventType "swiss"]
[EventRounds "9"]
[EventCountry "ESP"]
[SourceTitle "CB04_2024"]
[SourceDate "2023.10.16"]
[SourceVersion "1"]
[SourceVersionDate "2023.10.16"]
[SourceQuality "1"]

1. d4 Nf6 2. c4 e6 3. Nc3 d5 4. cxd5 exd5 5. Bg5 Be7 6. e3 Nbd7 7. Bd3 0-0 8. Nge2 Re8 9. 0-0 c6 10. Qc2 h6 11. Bf4 Nf8 12. h3 Bd6 13. Bxd6 Qxd6 14. Rab1 N8h7 15. b4 b5 16. a4 a6 17. e4 dxe4 18. Nxe4 Qd5 19. N2g3 Ng5 20. Nxf6+ gxf6 21. Bf5 Bb7 22. Nh5 Qxd4 23. Rfd1 Qe5 24. f4 1-0

[Event "Figueira da Foz op 17th"]
[Site "Figueira da Foz"]
[Date "2023.11.11"]
[Round "8"]
[White "Povshednyi, Ivan"]
[Black "Stella, Andrea"]
[Result "1/2-1/2"]
[WhiteElo "2230"]
[BlackElo "2431"]
[PlyCount "114"]
[EventDate "2023.11.05"]
[EventType "swiss"]
[EventRounds "9"]
[EventCountry "POR"]
[SourceTitle "CB46_2023"]
[SourceDate "2023.11.15"]
[SourceVersion "1"]
[SourceVersionDate "2023.11.15"]
[SourceQuality "1"]

1. d4 Nf6 2. c4 e6 3. g3 d5 4. Nf3 Bb4+ 5. Nc3 0-0 6. Bg2 dxc4 7. 0-0 Nc6 8. Qa4 Nd5 9. Qc2 Be7 10. Rd1 Rb8 11. e4 Ncb4 12. Qb1 Nxc3 13. bxc3 Nd3 14. Qb5 c5 15. Qxc4 Nxc1 16. Raxc1 b5 17. Qe2 c4 18. d5 exd5 19. Rxd5 Qc7 20. Rdd1 Bg4 21. h3 Bxf3 22. Bxf3 Bg5 23. Rc2 Rfd8 24. Rd5 Rxd5 25. exd5 Qd6 26. Rb2 Be7 27. a4 a6 28. axb5 axb5 29. Rb1 g6 30. Kg2 Kg7 31. h4 h5 32. Qa2 Qa3 33. Qxa3 Bxa3 34. Be2 Bd6 35. f4 Kf6 36. Kf3 Ke7 37. Bf1 Bc7 38. Ra1 Bb6 39. Rb1 Ba7 40. Ra1 Bb6 41. Rb1 Bc7 42. Ra1 Kd6 43. Ra7 b4 44. Bxc4 bxc3 45. Ra6+ Bb6 46. Ke2 Re8+ 47. Kd1 Kc5 48. Bb3 Re3 49. Kc2 Rxg3 50. d6 Bd8 51. Bxf7 Bxh4 52. d7 Rf3 53. Bxg6 Rxf4 54. Bxh5 Rd4 55. Kxc3 Be1+ 56. Kc2 Rxd7 57. Re6 Bg3 1/2-1/2

[Event "Figueira da Foz op 17th"]
[Site "Figueira da Foz"]
[Date "2023.11.06"]
[Round "2"]
[White "Santos, Antonio Pereira"]
[Black "Stella, Andrea"]
[Result "0-1"]
[WhiteElo "2195"]
[BlackElo "2431"]
[PlyCount "178"]
[EventDate "2023.11.05"]
[EventType "swiss"]
[EventRounds "9"]
[EventCountry "POR"]
[SourceTitle "CB46_2023"]
[SourceDate "2023.11.15"]
[SourceVersion "1"]
[SourceVersionDate "2023.11.15"]
[SourceQuality "1"]

1. d4 Nf6 2. c4 e6 3. g3 d5 4. Bg2 Bb4+ 5. Bd2 a5 6. Nf3 dxc4 7. 0-0 0-0 8. Qc2 Bxd2 9. Nbxd2 b5 10. a4 c6 11. b3 cxb3 12. Nxb3 Ba6 13. Rfd1 bxa4 14. Nc5 Bb5 15. Ne5 Ra7 16. Ra3 Na6 17. Nxa4 Qd6 18. Raa1 Nb4 19. Qd2 Nd7 20. Nxd7 Qxd7 21. Nc5 Qe7 22. Nb3 a4 23. Nc5 Nd5 24. Bxd5 exd5 25. e3 h5 26. h4 a3 27. Nd3 Bxd3 28. Qxd3 Rfa8 29. Rdc1 Ra6 30. Ra2 g6 31. Rc3 Qd6 32. Kg2 Ra4 33. Qc2 R8a6 34. Rb3 Kg7 35. Rc3 Qe6 36. Qc1 Qd6 37. Qc2 Kf8 38. Rb3 Kg8 39. Rc3 R4a5 40. Qc1 Kh7 41. Rc5 Ra4 42. Rc3 Kg8 43. Rb3 Kg7 44. Qc3 Qe7 45. Kh2 Kh7 46. Qc1 R4a5 47. Qc3 Qa7 48. Qc2 Kg7 49. Qc1 Kh7 50. Qc2 Rb5 51. Qd3 Rxb3 52. Qxb3 Kg7 53. Kg2 Qe7 54. Kh2 Qd6 55. Kg2 Ra8 56. Qc3 Ra4 57. Qb3 Ra8 58. Qc3 Kg8 59. Qb3 Qe7 60. Kh2 Qa7 61. Qc3 Qa4 62. Kg2 Kg7 63. Kh2 Ra6 64. Kg2 Qa5 65. Qb3 Ra8 66. Kh2 Kg8 67. Kg2 Qa6 68. Qc3 Ra7 69. Qb3 Kg7 70. Qc3 Qa4 71. Kh2 Ra5 72. Kg2 Kf8 73. Kh2 Ke8 74. Kg2 Ra6 75. Qd3 c5 76. dxc5 Qe4+ 77. Qxe4+ dxe4 78. f3 Kd7 79. fxe4 Kc6 80. Kf3 Kxc5 81. Kf4 Kb4 82. Kg5 Kb3 83. Ra1 Kb2 84. Re1 a2 85. Kh6 a1Q 86. Rxa1 Rxa1 87. Kg7 Rf1 88. e5 Rf3 89. e4 Kc3 0-1

[Event "Fagernes Autumn op"]
[Site "Fagernes"]
[Date "2023.10.13"]
[Round "7"]
[White "Stella, Andrea"]
[Black "Vagman, Roy"]
[Result "1/2-1/2"]
[WhiteElo "2447"]
[BlackElo "2294"]
[PlyCount "109"]
[EventDate "2023.10.08"]
[EventType "swiss"]
[EventRounds "9"]
[EventCountry "NOR"]
[SourceTitle "Mega2024 Update 01"]
[Source "Chessbase"]
[SourceDate "2023.11.12"]
[SourceVersion "1"]
[SourceVersionDate "2023.11.12"]
[SourceQuality "1"]

1. d4 Nf6 2. c4 e6 3. Nf3 Bb4+ 4. Bd2 Qe7 5. g3 Nc6 6. Nc3 Bxc3 7. Bxc3 Ne4 8. Rc1 d6 9. d5 Nxc3 10. Rxc3 Nd8 11. dxe6 Nxe6 12. Bg2 0-0 13. 0-0 Bd7 14. Nd4 Nxd4 15. Qxd4 Qxe2 16. Re3 Qg4 17. Qxg4 Bxg4 18. Re7 Rab8 19. Rxc7 Rfc8 20. Rxc8+ Rxc8 21. b3 b6 22. f3 Be6 23. Rd1 Rd8 24. f4 Kf8 25. Kf2 Ke7 26. Ke3 Kd7 27. Kd4 Rc8 28. Be4 g6 29. Rd2 Rc5 30. h4 h5 31. Bd3 Rc8 32. Rf2 Bf5 33. Re2 a5 34. a3 Bxd3 35. Kxd3 d5 36. Kd4 dxc4 37. bxc4 Rc6 38. Re5 Rd6+ 39. Kc3 Rd1 40. Rg5 Rd6 41. c5 Re6 42. f5 gxf5 43. cxb6 Kc6 44. Rxf5 Re3+ 45. Kc4 Rxg3 46. Rf6+ Kb7 47. a4 Ka6 48. b7+ Kxb7 49. Rxf7+ Kc6 50. Rf6+ Kc7 51. Kb5 Rg4 52. Rf7+ Kb8 53. Rf8+ Kb7 54. Rf7+ Kb8 55. Rf8+ 1/2-1/2

[Event "Fagernes Autumn op"]
[Site "Fagernes"]
[Date "2023.10.09"]
[Round "2"]
[White "Joel Paul, Ganta"]
[Black "Stella, Andrea"]
[Result "1-0"]
[WhiteElo "2169"]
[BlackElo "2447"]
[PlyCount "67"]
[EventDate "2023.10.08"]
[EventType "swiss"]
[EventRounds "9"]
[EventCountry "NOR"]
[SourceTitle "Mega2024 Update 01"]
[Source "Chessbase"]
[SourceDate "2023.11.12"]
[SourceVersion "1"]
[SourceVersionDate "2023.11.12"]
[SourceQuality "1"]

1. e4 c6 2. d4 d5 3. e5 Bf5 4. h4 a6 5. g4 Bd7 6. Be3 e6 7. Nf3 Qb6 8. b3 c5 9. c3 cxd4 10. Nxd4 Qc7 11. Bg2 Qxe5 12. 0-0 Nf6 13. g5 Ne4 14. f4 Qc7 15. Bxe4 dxe4 16. Nd2 Nc6 17. Nxe4 Be7 18. Qe2 h6 19. g6 f5 20. Nd2 Nxd4 21. Bxd4 Bxh4 22. Qh5 Be7 23. Bxg7 Rg8 24. Be5 Qb6+ 25. Bd4 Bc5 26. g7+ Kd8 27. Qh4+ Kc7 28. Qf6 Rae8 29. Qe5+ Kc6 30. Nc4 Bxd4+ 31. cxd4 Qb4 32. Rac1 Bc8 33. Na5+ Kb6 34. Qc7+ 1-0

[Event "ESP-chT CECLUB Div2"]
[Site "Linares"]
[Date "2023.08.15"]
[Round "4.11"]
[White "Stella, Andrea"]
[Black "Teran Alvarez, Ismael"]
[Result "1/2-1/2"]
[WhiteElo "2450"]
[BlackElo "2352"]
[PlyCount "74"]
[EventDate "2023.08.13"]
[EventType "team-swiss"]
[EventRounds "7"]
[EventCountry "ESP"]
[SourceTitle "EXT 2024"]
[Source "ChessBase"]
[SourceDate "2023.10.10"]
[SourceVersion "1"]
[SourceVersionDate "2023.10.10"]
[SourceQuality "1"]
[WhiteTeam "Prodomasa Coin"]
[BlackTeam "Sevilla Casa del Ajedrez"]
[WhiteTeamCountry "ESP"]
[BlackTeamCountry "ESP"]

1. d4 Nf6 2. c4 e6 3. Nf3 d5 4. Nc3 Bb4 5. e3 0-0 6. Bd2 Re8 7. Rc1 b6 8. Nb5 Bxd2+ 9. Qxd2 c6 10. Nc3 Ba6 11. cxd5 Bxf1 12. Kxf1 exd5 13. Ke2 Qd6 14. Rhd1 Nbd7 15. Kf1 Ne4 16. Qc2 Rac8 17. Kg1 Nxc3 18. Qxc3 Nf6 19. Rd3 c5 20. dxc5 bxc5 21. Qa3 Rc7 22. h3 Rb8 23. b3 Qb6 24. Rdd1 a5 25. Ne5 h6 26. Rc2 Qb5 27. Ng4 Nxg4 28. hxg4 c4 29. Qd6 Rd7 30. bxc4 Qb1 31. Rcc1 Rxd6 32. Rxb1 Rxb1 33. Rxb1 dxc4 34. Rb8+ Kh7 35. Rc8 Rd1+ 36. Kh2 Rd2 37. Kg3 Rxa2 1/2-1/2

[Event "ITA-chT GpA 54th"]
[Site "Bacoli"]
[Date "2023.04.29"]
[Round "7"]
[White "Ceres, Dragos"]
[Black "Stella, Andrea"]
[Result "1/2-1/2"]
[WhiteElo "2409"]
[BlackElo "2447"]
[PlyCount "110"]
[EventDate "2023.04.25"]
[EventType "team-tourn"]
[EventRounds "7"]
[EventCountry "ITA"]
[SourceTitle "CBM 213 Extra"]
[Source "ChessBase"]
[SourceDate "2023.05.31"]
[SourceVersion "1"]
[SourceVersionDate "2023.05.31"]
[SourceQuality "1"]
[WhiteTeam "Costa Smeralda Arzachess"]
[BlackTeam "WorldtradingLab"]
[WhiteTeamCountry "ITA"]
[BlackTeamCountry "ITA"]

1. e4 c5 2. Nf3 d6 3. d4 cxd4 4. Nxd4 Nf6 5. Nc3 a6 6. f3 e5 7. Nb3 Be7 8. Be3 Be6 9. Qd2 0-0 10. 0-0-0 Nbd7 11. g4 b5 12. g5 b4 13. Ne2 Nh5 14. Ng3 a5 15. Nxh5 a4 16. Na1 Bxa2 17. Rg1 Kh8 18. Bb5 b3 19. Ng3 a3 20. Nxb3 Rb8 21. Ba4 Nb6 22. Bxb6 Rxb6 23. Ne2 d5 24. Qxd5 Rd6 25. Qxe5 Bxg5+ 26. f4 Bf6 27. Rxd6 axb2+ 28. Kd2 Bxe5 29. Rxd8 Rxd8+ 30. Ke3 Bb8 31. Nbd4 Ba7 32. Bb3 b1Q 33. Rxb1 Bxb1 34. e5 Kg8 35. Ke4 g6 36. h4 Bb6 37. Nf3 Rc8 38. Kd3 Ba5 39. Ng5 Rd8+ 40. Ke3 Bb6+ 41. Kf3 Rd2 42. Ne4 Rxc2 43. Bxc2 Bxc2 44. h5 Kg7 45. hxg6 hxg6 46. N2g3 Bd1+ 47. Ne2 Ba4 48. N2g3 Bd1+ 49. Ne2 Ba4 50. N2g3 Bc6 51. Kg4 Bd8 52. Nd6 Bd7+ 53. Kf3 Bc6+ 54. Kg4 Bd7+ 55. Kf3 Bc6+ 1/2-1/2

[Event "ITA-chT GpA 54th"]
[Site "Bacoli"]
[Date "2023.04.28"]
[Round "5"]
[White "Ioannidis, Evgenios"]
[Black "Stella, Andrea"]
[Result "1/2-1/2"]
[WhiteElo "2467"]
[BlackElo "2447"]
[PlyCount "75"]
[EventDate "2023.04.25"]
[EventType "team-tourn"]
[EventRounds "7"]
[EventCountry "ITA"]
[SourceTitle "CBM 213 Extra"]
[Source "ChessBase"]
[SourceDate "2023.05.31"]
[SourceVersion "1"]
[SourceVersionDate "2023.05.31"]
[SourceQuality "1"]
[WhiteTeam "Montebelluna Grandiscacchi"]
[BlackTeam "WorldtradingLab"]
[WhiteTeamCountry "ITA"]
[BlackTeamCountry "ITA"]

1. d4 Nf6 2. c4 e6 3. Nc3 Bb4 4. e3 0-0 5. Bd2 c5 6. a3 Bxc3 7. Bxc3 Ne4 8. Ne2 b6 9. d5 Ba6 10. Qc2 exd5 11. cxd5 Re8 12. Ng3 Nxc3 13. Bxa6 Nxa6 14. bxc3 b5 15. 0-0 d6 16. e4 g6 17. a4 b4 18. c4 Qf6 19. f4 Qd4+ 20. Kh1 b3 21. Qxb3 Rab8 22. Qf3 Qxc4 23. f5 Qd4 24. f6 Kh8 25. Qf4 Qe5 26. Qh6 Rg8 27. Rad1 c4 28. Rf4 g5 29. Rf5 Qb2 30. Rxg5 Rxg5 31. Qxg5 Rg8 32. Qf4 Nc5 33. Qf1 c3 34. Rb1 Qd2 35. Rd1 Qb2 36. Rb1 Qd2 37. Rd1 Qa2 38. Rb1 1/2-1/2

[Event "Figueira da Foz Sabir Ali Cup"]
[Site "Figueira da Foz"]
[Date "2022.11.07"]
[Round "2"]
[White "Borges, Guilherme Deola"]
[Black "Stella, Andrea"]
[Result "0-1"]
[WhiteElo "2162"]
[BlackElo "2449"]
[PlyCount "76"]
[EventDate "2022.11.06"]
[EventType "swiss"]
[EventRounds "9"]
[EventCountry "POR"]
[SourceTitle "EXT 2024"]
[Source "ChessBase"]
[SourceDate "2023.10.10"]
[SourceVersion "1"]
[SourceVersionDate "2023.10.10"]
[SourceQuality "1"]

1. d4 Nf6 2. Bg5 d5 3. Bxf6 gxf6 4. e3 c5 5. g3 Nc6 6. c3 cxd4 7. exd4 e5 8. Bg2 Be6 9. Ne2 Qb6 10. Qb3 0-0-0 11. Qxb6 axb6 12. 0-0 h5 13. a4 Bg4 14. f3 Bf5 15. Rd1 h4 16. Na3 hxg3 17. hxg3 exd4 18. Nxd4 Nxd4 19. cxd4 Bd6 20. f4 Rdg8 21. Nb5 Bb4 22. Kf2 Be4 23. Bxe4 dxe4 24. Rh1 Kd7 25. Rac1 Rxh1 26. Rxh1 Rc8 27. Ke3 f5 28. Rh5 Ke6 29. Rh6+ f6 30. d5+ Kxd5 31. Rxf6 Bc5+ 32. Ke2 Rh8 33. Rxf5+ Kc4 34. Nc3 Rh2+ 35. Kd1 Kd3 36. Rd5+ Bd4 37. Kc1 Rh1+ 38. Nd1 e3 0-1

[Event "Figueira da Foz Sabir Ali Cup"]
[Site "Figueira da Foz"]
[Date "2022.11.06"]
[Round "1"]
[White "Stella, Andrea"]
[Black "Carvalho, Vitor Hugo Pina Soa"]
[Result "1-0"]
[WhiteElo "2449"]
[BlackElo "1833"]
[PlyCount "81"]
[EventDate "2022.11.06"]
[EventType "swiss"]
[EventRounds "9"]
[EventCountry "POR"]
[SourceTitle "EXT 2024"]
[Source "ChessBase"]
[SourceDate "2023.10.10"]
[SourceVersion "1"]
[SourceVersionDate "2023.10.10"]
[SourceQuality "1"]

1. d4 Nf6 2. c4 g6 3. g3 c6 4. Bg2 d5 5. Qa4 dxc4 6. Qxc4 Be6 7. Qa4 Bd5 8. Nf3 Ne4 9. 0-0 Bg7 10. Nc3 Nxc3 11. bxc3 b5 12. Qc2 0-0 13. e4 Bc4 14. Re1 Nd7 15. Nd2 Nb6 16. Nxc4 Nxc4 17. a4 a6 18. e5 Qb6 19. axb5 axb5 20. Bg5 f6 21. Rxa8 Rxa8 22. exf6 exf6 23. Bf4 g5 24. Bc1 Nd6 25. Qb3+ Nc4 26. Qc2 Nd6 27. h4 h6 28. hxg5 hxg5 29. Qg6 Qc7 30. Bh3 Kf8 31. Be6 Nf7 32. Be3 Nd6 33. d5 c5 34. Kg2 Ra3 35. Qh7 Nf7 36. Bxf7 Kxf7 37. Qh5+ Kg8 38. Bxc5 Qxc5 39. Re8+ Bf8 40. Qg6+ Kh8 41. d6 1-0

[Event "La Nucia op 3rd"]
[Site "La Nucia"]
[Date "2022.10.16"]
[Round "9"]
[White "Carbonell Sancho, Marc"]
[Black "Stella, Andrea"]
[Result "1/2-1/2"]
[WhiteElo "2390"]
[BlackElo "2454"]
[PlyCount "102"]
[EventDate "2022.10.09"]
[EventType "swiss"]
[EventRounds "9"]
[EventCountry "ESP"]
[SourceTitle "CBM 210 Extra"]
[Source "ChessBase"]
[SourceDate "2022.11.30"]
[SourceVersion "1"]
[SourceVersionDate "2022.11.30"]
[SourceQuality "1"]

1. e4 e5 2. Nf3 Nc6 3. Bc4 Bc5 4. c3 Nf6 5. d3 0-0 6. 0-0 d5 7. exd5 Nxd5 8. a4 a6 9. Nbd2 Kh8 10. Re1 f6 11. d4 Ba7 12. dxe5 Nxe5 13. Nxe5 fxe5 14. Nf3 Bxf2+ 15. Kxf2 Qh4+ 16. Kg1 Qxc4 17. Rxe5 c6 18. Qd4 Qxd4+ 19. Nxd4 Bd7 20. Bd2 Rae8 21. Rae1 Nb6 22. b3 Rxe5 23. Rxe5 Kg8 24. c4 Re8 25. Rxe8+ Bxe8 26. Ne6 Nd7 27. Be3 Bg6 28. a5 Bc2 29. b4 Bb3 30. Bd4 Bxc4 31. Nd8 c5 32. bxc5 Bd5 33. g3 Nf6 34. c6 Bxc6 35. Nxc6 bxc6 36. h3 Kf7 37. Kf2 c5 38. Bb2 Ke6 39. g4 c4 40. Kf3 Kd5 41. h4 Kc5 42. h5 h6 43. Bc3 Kb5 44. g5 Nxh5 45. Kg4 hxg5 46. Kxh5 Ka4 47. Kxg5 Kb3 48. Bxg7 c3 49. Kf5 Kb4 50. Ke4 c2 51. Bh6 Kxa5 1/2-1/2

[Event "La Nucia op 3rd"]
[Site "La Nucia"]
[Date "2022.10.10"]
[Round "2"]
[White "Stella, Andrea"]
[Black "Uribe, Jhonny Alberto"]
[Result "1-0"]
[WhiteElo "2454"]
[BlackElo "2203"]
[PlyCount "93"]
[EventDate "2022.10.09"]
[EventType "swiss"]
[EventRounds "9"]
[EventCountry "ESP"]
[SourceTitle "CBM 210 Extra"]
[Source "ChessBase"]
[SourceDate "2022.11.30"]
[SourceVersion "1"]
[SourceVersionDate "2022.11.30"]
[SourceQuality "1"]

1. d4 d5 2. c4 c6 3. Nf3 Nf6 4. g3 Bf5 5. Nc3 e6 6. Qb3 Qb6 7. c5 Qxb3 8. axb3 Nbd7 9. b4 Ne4 10. Nh4 Nxc3 11. bxc3 a6 12. Nxf5 exf5 13. Bf4 Be7 14. Bh3 g6 15. f3 h5 16. 0-0 h4 17. g4 fxg4 18. fxg4 Nf8 19. Be5 Rh7 20. Bg2 h3 21. Bf3 Rd8 22. e4 dxe4 23. Bxe4 Ne6 24. Rae1 Rd7 25. Bg3 Rh6 26. Re2 Bh4 27. Bd6 Be7 28. Bg3 Bh4 29. Be5 Be7 30. Kh1 Rh4 31. Bf3 Kd8 32. Bg3 Rh7 33. Be4 Nc7 34. Rf3 Nd5 35. Ref2 Bg5 36. Bd6 Ne3 37. Bxg6 Rh6 38. Bh5 f5 39. Rxh3 Rdxd6 40. cxd6 fxg4 41. Rf8+ Kd7 42. Be8+ Ke6 43. Rxh6+ Bxh6 44. Rg8 Bf4 45. Rg6+ Kf5 46. d7 Bc7 47. Bf7 1-0

[Event "La Nucia op 3rd"]
[Site "La Nucia"]
[Date "2022.10.09"]
[Round "1"]
[White "Donate Moreno, Silvia"]
[Black "Stella, Andrea"]
[Result "0-1"]
[WhiteElo "1936"]
[BlackElo "2454"]
[PlyCount "100"]
[EventDate "2022.10.09"]
[EventType "swiss"]
[EventRounds "9"]
[EventCountry "ESP"]
[SourceTitle "CBM 210 Extra"]
[Source "ChessBase"]
[SourceDate "2022.11.30"]
[SourceVersion "1"]
[SourceVersionDate "2022.11.30"]
[SourceQuality "1"]

1. e4 c5 2. Nf3 d6 3. d4 cxd4 4. Nxd4 Nf6 5. f3 e5 6. Nb3 a5 7. Bb5+ Nc6 8. Nc3 Be7 9. Be3 0-0 10. 0-0 Be6 11. Nd5 a4 12. Nc1 a3 13. Rb1 axb2 14. Rxb2 Bxd5 15. exd5 Nd4 16. Bxd4 exd4 17. Qxd4 Nd7 18. Qd2 Bg5 19. f4 Bf6 20. Rb1 Nc5 21. Bd3 Re8 22. Re1 Bd4+ 23. Kh1 Rxe1+ 24. Qxe1 Qf6 25. Ne2 Re8 26. Qg3 g6 27. Rf1 Re3 28. Rf3 Ne4 29. Qg4 Rxf3 30. Qc8+ Kg7 31. gxf3 Nf2+ 32. Kg2 Bc5 33. f5 Qg5+ 34. Kf1 Nxd3 35. cxd3 Qe3 36. f6+ Kxf6 37. Qd8+ Kg7 38. Qh4 Qxf3+ 39. Ke1 Qxd3 40. Nf4 Qe4+ 41. Kd1 Qb1+ 42. Ke2 Qe4+ 43. Kd1 Qf5 44. Qg3 Qb1+ 45. Ke2 Qxa2+ 46. Kd1 Qb1+ 47. Ke2 Qe4+ 48. Kd1 Qd4+ 49. Ke2 Qe5+ 50. Kd2 b5 0-1

[Event "San Cristobal de La Laguna op 4th"]
[Site "San Cristobal de La Laguna"]
[Date "2022.08.31"]
[Round "6"]
[White "Stella, Andrea"]
[Black "Kogan, Artur"]
[Result "1/2-1/2"]
[WhiteElo "2448"]
[BlackElo "2476"]
[PlyCount "88"]
[EventDate "2022.08.27"]
[EventType "swiss"]
[EventRounds "9"]
[EventCountry "ESP"]
[SourceTitle "CBM 210 Extra"]
[Source "ChessBase"]
[SourceDate "2022.11.30"]
[SourceVersion "1"]
[SourceVersionDate "2022.11.30"]
[SourceQuality "1"]

1. d4 Nf6 2. c4 e6 3. Nf3 Bb4+ 4. Bd2 a5 5. g3 d5 6. Bg2 0-0 7. Qc2 c6 8. 0-0 Be7 9. Bf4 Nbd7 10. Rd1 a4 11. a3 Qa5 12. Nc3 dxc4 13. e4 h6 14. Qe2 Qa6 15. h3 Re8 16. g4 Nh7 17. Kh1 b5 18. e5 Bb7 19. h4 c5 20. d5 exd5 21. Nxd5 Bxd5 22. Rxd5 Qe6 23. Nh2 Nb6 24. Rdd1 Rad8 25. Bg3 f6 26. f4 fxe5 27. f5 Qc8 28. Nf3 Bf6 29. Qe4 Qc7 30. Bf2 Be7 31. Qxe5 Qxe5 32. Nxe5 Rxd1+ 33. Rxd1 Bf6 34. Ng6 Bxb2 35. Bxc5 c3 36. Bxb6 Nf6 37. g5 hxg5 38. hxg5 c2 39. Rg1 Ne4 40. Be3 Ng3+ 41. Kh2 Rxe3 42. Bd5+ Kh7 43. Nf8+ Kh8 44. Ng6+ Kh7 1/2-1/2

[Event "San Cristobal de La Laguna op 4th"]
[Site "San Cristobal de La Laguna"]
[Date "2022.08.28"]
[Round "3"]
[White "Perez Bolanos, Joel"]
[Black "Stella, Andrea"]
[Result "0-1"]
[WhiteElo "2062"]
[BlackElo "2448"]
[PlyCount "68"]
[EventDate "2022.08.27"]
[EventType "swiss"]
[EventRounds "9"]
[EventCountry "ESP"]
[SourceTitle "CBM 210 Extra"]
[Source "ChessBase"]
[SourceDate "2022.11.30"]
[SourceVersion "1"]
[SourceVersionDate "2022.11.30"]
[SourceQuality "1"]

1. d4 Nf6 2. c4 g6 3. Nc3 d5 4. Nf3 Bg7 5. Qb3 dxc4 6. Qxc4 0-0 7. e4 Nc6 8. Be2 Bg4 9. d5 Na5 10. Qb4 Bxf3 11. Bxf3 c6 12. 0-0 Qb6 13. Qa4 Nd7 14. Rd1 Rfd8 15. Qc2 Rac8 16. Be3 Qc7 17. Rac1 cxd5 18. Qa4 Nc5 19. Qb5 a6 20. Qf1 d4 21. Nd5 Qd6 22. Bxd4 Bxd4 23. Rxd4 Nc6 24. Rdd1 Ne5 25. Qe2 Kg7 26. g3 e6 27. Nc3 Qe7 28. Bg2 b5 29. a3 Nb3 30. Rb1 Nc4 31. Rxd8 Rxd8 32. Rd1 Nd4 33. Qe1 Nxb2 34. Rb1 Qxa3 0-1

[Event "Leca da Palmeira op"]
[Site "Leca da Palmeira"]
[Date "2022.08.05"]
[Round "9"]
[White "Stella, Andrea"]
[Black "Nigmatov, Ortik"]
[Result "0-1"]
[WhiteElo "2443"]
[BlackElo "2437"]
[PlyCount "76"]
[EventDate "2022.07.31"]
[EventType "swiss"]
[EventRounds "9"]
[EventCountry "POR"]
[SourceTitle "CBM 209 Extra"]
[Source "ChessBase"]
[SourceDate "2022.09.30"]
[SourceVersion "1"]
[SourceVersionDate "2022.09.30"]
[SourceQuality "1"]

1. d4 Nf6 2. c4 g6 3. g3 Bg7 4. Bg2 0-0 5. Nc3 d6 6. Nf3 Nbd7 7. 0-0 e5 8. e4 exd4 9. Nxd4 Re8 10. h3 Nc5 11. Re1 h6 12. Nb3 Nxb3 13. axb3 Nh7 14. Be3 a6 15. Qd2 h5 16. f4 Be6 17. Nd5 Qd7 18. Kh2 b5 19. Bd4 Bxd4 20. Qxd4 c6 21. Nb6 Qa7 22. cxb5 cxb5 23. f5 Rab8 24. fxe6 Rxe6 25. Rec1 Qxb6 26. Rc8+ Nf8 27. Qxb6 Rxb6 28. Ra8 Rc6 29. R1xa6 Rc2 30. Kg1 Rf6 31. Rd8 Rc1+ 32. Kh2 Rf2 33. Raa8 Rcc2 34. Rxf8+ Kg7 35. Rg8+ Kf6 36. e5+ dxe5 37. Ra6+ Kg5 38. h4+ Kg4 0-1

[Event "Leca da Palmeira op"]
[Site "Leca da Palmeira"]
[Date "2022.07.31"]
[Round "1"]
[White "Stella, Andrea"]
[Black "Santos, Roberio"]
[Result "1-0"]
[WhiteElo "2443"]
[BlackElo "1781"]
[PlyCount "83"]
[EventDate "2022.07.31"]
[EventType "swiss"]
[EventRounds "9"]
[EventCountry "POR"]
[SourceTitle "CBM 209 Extra"]
[Source "ChessBase"]
[SourceDate "2022.09.30"]
[SourceVersion "1"]
[SourceVersionDate "2022.09.30"]
[SourceQuality "1"]

1. d4 d5 2. c4 c6 3. Nf3 Nf6 4. Nc3 g6 5. cxd5 Nxd5 6. e4 Nxc3 7. bxc3 Bg7 8. Be2 Qa5 9. Bd2 Bg4 10. Qb3 b5 11. Ng5 Be6 12. Nxe6 fxe6 13. Qxe6 Qc7 14. e5 Qd7 15. Qb3 a5 16. a4 b4 17. 0-0 Bxe5 18. Rad1 Bd6 19. cxb4 Qc7 20. d5 axb4 21. dxc6 Na6 22. Bh6 Nc5 23. Qh3 Ne4 24. Bc4 Ra5 25. Bg7 Rh5 26. Qd7+ Qxd7 27. cxd7+ Kd8 28. g4 Rh4 29. f3 Ng5 30. Rxd6 Nxf3+ 31. Rxf3 Rxg4+ 32. Rg3 Rxc4 33. Rb6 Kc7 34. Bxh8 Kxd7 35. Rb3 Rc2 36. R6xb4 h5 37. h4 Ra2 38. Bb2 e5 39. Ra3 Rxa3 40. Bxa3 Kc6 41. Kf2 e4 42. Rb5 1-0

[Event "EU-ch 22nd"]
[Site "Terme Catez"]
[Date "2022.04.06"]
[Round "11"]
[White "Stella, Andrea"]
[Black "Stevic, Hrvoje"]
[Result "1-0"]
[WhiteElo "2444"]
[BlackElo "2587"]
[PlyCount "63"]
[EventDate "2022.03.27"]
[EventType "swiss"]
[EventRounds "11"]
[EventCountry "SLO"]
[SourceTitle "CBM 208"]
[Source "ChessBase"]
[SourceDate "2022.06.30"]
[SourceVersion "1"]
[SourceVersionDate "2022.06.30"]
[SourceQuality "1"]

1. d4 d5 2. c4 dxc4 3. Nf3 Nf6 4. e3 e6 5. Bxc4 a6 6. 0-0 b5 7. Bd3 c5 8. dxc5 Bxc5 9. a4 bxa4 10. Qxa4+ Nbd7 11. e4 Bb7 12. Nbd2 Qc7 13. e5 Bc6 14. Qf4 Nd5 15. Qg3 Nb4 16. Qxg7 0-0-0 17. Be4 Rdf8 18. Bxc6 Qxc6 19. Qg4 f5 20. exf6 Nxf6 21. Qc4 Rhg8 22. Ra5 Nd7 23. Kh1 Rf5 24. Qe4 Rd5 25. Nb3 Nd3 26. Be3 Bxe3 27. Qxe3 Rxa5 28. Nxa5 Qd5 29. Nc6 Qxc6 30. Qxd3 Ne5 31. Qxh7 Rxg2 32. Nxe5 1-0

[Event "EU-ch 22nd"]
[Site "Terme Catez"]
[Date "2022.04.03"]
[Round "8"]
[White "Stella, Andrea"]
[Black "Sorm, Daniel"]
[Result "1-0"]
[WhiteElo "2444"]
[BlackElo "2323"]
[PlyCount "101"]
[EventDate "2022.03.27"]
[EventType "swiss"]
[EventRounds "11"]
[EventCountry "SLO"]
[SourceTitle "CBM 208"]
[Source "ChessBase"]
[SourceDate "2022.06.30"]
[SourceVersion "1"]
[SourceVersionDate "2022.06.30"]
[SourceQuality "1"]

1. d4 Nf6 2. c4 e6 3. Nf3 d5 4. g3 dxc4 5. Bg2 Nc6 6. Qa4 Bb4+ 7. Bd2 Nd5 8. Bxb4 Ndxb4 9. 0-0 Rb8 10. Na3 0-0 11. Qb5 b6 12. Qxc4 Ba6 13. Nb5 Qd5 14. Qxd5 Nxd5 15. a4 Rbc8 16. Rac1 Bb7 17. Ne5 Nxe5 18. dxe5 c5 19. Nd6 Rb8 20. Nxb7 Rxb7 21. Rfd1 Rc8 22. Bxd5 exd5 23. Rxd5 Kf8 24. f4 Ke7 25. Kf2 a6 26. Ke3 h5 27. Rc2 Rc6 28. Ke4 Rg6 29. e3 h4 30. gxh4 Rg4 31. a5 Rg6 32. h5 Rh6 33. axb6 Rhxb6 34. Rdxc5 Rxb2 35. Rxb2 Rxb2 36. Rc7+ Kf8 37. Rc8+ Ke7 38. Rc7+ Kf8 39. h4 Rh2 40. Rc8+ Ke7 41. Rc7+ Kf8 42. h6 gxh6 43. Kf5 Rb2 44. Rc6 a5 45. Kf6 Rb8 46. Ra6 Kg8 47. f5 Rf8 48. Rxa5 Kh7 49. Ra7 Kg8 50. e4 h5 51. Rb7 1-0